<?xml version="1.0" encoding="UTF-8"?>
<record
    xmlns:xsi="http://www.w3.org/2001/XMLSchema-instance"
    xsi:schemaLocation="http://www.loc.gov/MARC21/slim http://www.loc.gov/standards/marcxml/schema/MARC21slim.xsd"
    xmlns="http://www.loc.gov/MARC21/slim">

  <leader>02772cam a22004454i 4500</leader>
  <controlfield tag="003">PE-LiUPU</controlfield>
  <controlfield tag="005">20250731165419.0</controlfield>
  <controlfield tag="008">151216s2012    pe a   grm    000 0 spa d</controlfield>
  <datafield tag="035" ind1=" " ind2=" ">
    <subfield code="a">(Sirsi) a155527</subfield>
  </datafield>
  <datafield tag="040" ind1=" " ind2=" ">
    <subfield code="a">PE-LiUPU</subfield>
    <subfield code="b">spa</subfield>
    <subfield code="c">PE-LiUPU</subfield>
    <subfield code="e">rda</subfield>
  </datafield>
  <datafield tag="099" ind1=" " ind2=" ">
    <subfield code="a">TIS 3</subfield>
    <subfield code="b">CH31 2012</subfield>
  </datafield>
  <datafield tag="100" ind1="1" ind2=" ">
    <subfield code="a">Ch&#xE1;vez Vel&#xE1;squez, Juan Ra&#xFA;l</subfield>
    <subfield code="e">autor</subfield>
  </datafield>
  <datafield tag="245" ind1="1" ind2=" ">
    <subfield code="a">Motor de b&#xFA;squeda basado en la indizaci&#xF3;n estad&#xED;stica de t&#xE9;rminos por frecuencias (IETF) y N-Grams y su efectividad en la optimizaci&#xF3;n de b&#xFA;squeda de informaci&#xF3;n cient&#xED;fica de las bibliotecas virtuales con protocolo Z39.50 /</subfield>
    <subfield code="J">uan Ra&#xFA;l Ch&#xE1;vez Vel&#xE1;squez.</subfield>
  </datafield>
  <datafield tag="264" ind1=" " ind2="0">
    <subfield code="c">2012.</subfield>
  </datafield>
  <datafield tag="300" ind1=" " ind2=" ">
    <subfield code="a">72 hojas : </subfield>
    <subfield code="b">ilustraciones;</subfield>
    <subfield code="c">30 cm</subfield>
  </datafield>
  <datafield tag="336" ind1=" " ind2=" ">
    <subfield code="a">text</subfield>
    <subfield code="2">rdacontent</subfield>
  </datafield>
  <datafield tag="337" ind1=" " ind2=" ">
    <subfield code="a">unmediated</subfield>
    <subfield code="2">rdamedia</subfield>
  </datafield>
  <datafield tag="338" ind1=" " ind2=" ">
    <subfield code="a">volume</subfield>
    <subfield code="2">rdacarrier</subfield>
  </datafield>
  <datafield tag="502" ind1=" " ind2=" ">
    <subfield code="a">Tesis</subfield>
    <subfield code="b">(Mg.) -- </subfield>
    <subfield code="c">Universidad Peruana Uni&#xF3;n,</subfield>
    <subfield code="d">2012.</subfield>
  </datafield>
  <datafield tag="504" ind1=" " ind2=" ">
    <subfield code="a">Incluye referencias</subfield>
  </datafield>
  <datafield tag="520" ind1="3" ind2=" ">
    <subfield code="a">El presente trabajo de investigaci&#xF3;n tiene como objetivo determinar el grado de efectividad del motor de b&#xFA;squeda basado en indizaci&#xF3;n estad&#xED;stica de t&#xE9;rminos por frecuencias y N-Grams en la optimizaci&#xF3;n de b&#xFA;squeda de informaci&#xF3;n cient&#xED;fica de las bibliotecas virtuales. - El tipo de investigaci&#xF3;n es evaluativo porque analiza la teor&#xED;a de miner&#xED;a de texto y motores de b&#xFA;squeda para bibliotecas para adaptar al protocolo est&#xE1;ndar de Z39.50. Es positiva porque pretende reducir el tiempo de  b&#xFA;squeda que se hace en los buscadores de tesis y art&#xED;culos cient&#xED;ficos. La t&#xE9;cnica de muestra que se utiliz&#xF3; es por conveniencia, porque los art&#xED;culos a buscar tienen que estar en ambas bases de datos de las bibliotecas virtuales de tal forma que se pueda realizar las comparaciones respecto al tiempo de b&#xFA;squeda. Para el an&#xE1;lisis de los datos se utiliz&#xF3; la prueba de t-student para muestras relacionadas. De los resultados, se concluy&#xF3; que: el Motor de B&#xFA;squeda basado en la Indizaci&#xF3;n Estad&#xED;stica de T&#xE9;rminos por Frecuencias y N-Grams logra mejorar la efectividad de optimizaci&#xF3;n de b&#xFA;squeda de informaci&#xF3;n cient&#xED;fica de las bibliotecas virtuales en un 32% en comparaci&#xF3;n con el motor de b&#xFA;squeda convencional basado en listas ordenadas, metadatos, palabras claves, etc.</subfield>
  </datafield>
  <datafield tag="526" ind1=" " ind2=" ">
    <subfield code="a">SEG44</subfield>
  </datafield>
  <datafield tag="526" ind1=" " ind2=" ">
    <subfield code="a">SEG26</subfield>
  </datafield>
  <datafield tag="526" ind1=" " ind2=" ">
    <subfield code="a">P151</subfield>
  </datafield>
  <datafield tag="526" ind1=" " ind2=" ">
    <subfield code="a">P150</subfield>
  </datafield>
  <datafield tag="526" ind1=" " ind2=" ">
    <subfield code="a">P149</subfield>
  </datafield>
  <datafield tag="526" ind1=" " ind2=" ">
    <subfield code="a">P146</subfield>
  </datafield>
  <datafield tag="526" ind1=" " ind2=" ">
    <subfield code="a">P145</subfield>
  </datafield>
  <datafield tag="526" ind1=" " ind2=" ">
    <subfield code="a">P126</subfield>
  </datafield>
  <datafield tag="526" ind1=" " ind2=" ">
    <subfield code="a">P125</subfield>
  </datafield>
  <datafield tag="526" ind1=" " ind2=" ">
    <subfield code="a">P92</subfield>
  </datafield>
  <datafield tag="526" ind1=" " ind2=" ">
    <subfield code="a">P75</subfield>
  </datafield>
  <datafield tag="526" ind1=" " ind2=" ">
    <subfield code="a">P74</subfield>
  </datafield>
  <datafield tag="526" ind1=" " ind2=" ">
    <subfield code="a">P27</subfield>
  </datafield>
  <datafield tag="526" ind1=" " ind2=" ">
    <subfield code="a">P15</subfield>
  </datafield>
  <datafield tag="650" ind1="0" ind2="4">
    <subfield code="a">Bibliotecas virtuales</subfield>
    <subfield code="x">B&#xFA;squeda</subfield>
    <subfield code="x">Tecnolog&#xED;a.</subfield>
  </datafield>
  <datafield tag="596" ind1=" " ind2=" ">
    <subfield code="a">1</subfield>
  </datafield>
  <datafield tag="942" ind1=" " ind2=" ">
    <subfield code="2">ddc</subfield>
    <subfield code="c">TESIS</subfield>
  </datafield>
  <datafield tag="999" ind1=" " ind2=" ">
    <subfield code="a">TIS 3 CH31 2012</subfield>
    <subfield code="w">ALPHANUM</subfield>
    <subfield code="c">8200</subfield>
    <subfield code="i">T01313</subfield>
    <subfield code="l">CCODEBUL3</subfield>
    <subfield code="m">BUL</subfield>
    <subfield code="r">1</subfield>
    <subfield code="s">Y</subfield>
    <subfield code="t">TESIS</subfield>
    <subfield code="u">2015-12-16</subfield>
    <subfield code="x">POSGRADO</subfield>
    <subfield code="P">P74</subfield>
    <subfield code="o">.STAFF. Tesis</subfield>
    <subfield code="d">8200</subfield>
  </datafield>
  <datafield tag="980" ind1=" " ind2=" ">
    <subfield code="8">1</subfield>
    <subfield code="g">ALBERTO SANCHEZ Responsable de Automatizaci&#xF3;n</subfield>
  </datafield>
  <datafield tag="952" ind1=" " ind2=" ">
    <subfield code="r">2022-07-06 00:00:00</subfield>
    <subfield code="l">0</subfield>
    <subfield code="o">TIS 3 CH31 2012</subfield>
    <subfield code="p">T01313</subfield>
    <subfield code="t">e1</subfield>
    <subfield code="w">2015-12-16</subfield>
    <subfield code="x">PG</subfield>
    <subfield code="y">TESIS</subfield>
    <subfield code="z">Este &#xCD;tem NO se presta por ser Ejemplar #1.</subfield>
    <subfield code="1">0</subfield>
    <subfield code="2">ddc</subfield>
    <subfield code="7">1</subfield>
    <subfield code="8">TESIS</subfield>
    <subfield code="f">P74</subfield>
    <subfield code="a">BUL</subfield>
    <subfield code="b">BUL</subfield>
    <subfield code="c">TESIS</subfield>
    <subfield code="d">2015-12-16</subfield>
  </datafield>
</record>
